00733nam a2200169Ia 4500008004100000020001800041041000800059082001600067100002400083245022800107250000600335260003100341300000800372650002200380999001900402952014200421210716s2009 xx 000 0 und d a9789386215055 aeng a374.22 WHID aWhitman, Drew Eric. aCashvertising: how to use more than 100 secrets of ad -agency psychology to make big money selling anything to anyone.bHow to use more than 100 secrets of ad -agency psychology to make big money selling anything to anyone. a1 aNew DelhibMacmillanc2009 a207 aGeneral Knowledge c196076d196076 001040708MCAaAIMITbAIMITeKnowledge Worldg399.00l3o374.22 WHIDpMCA15590r2026-05-23 00:00:00s2025-04-16v311.22w2021-07-16yBK